| 000 | 00428nam a22001337a 4500 | ||
|---|---|---|---|
| 008 | 140211b xxu||||| |||| 00| 0 eng d | ||
| 050 | _aBV5080.C24 1915 | ||
| 100 |
_aAntony, Catherine M. _98591 |
||
| 245 |
_aSaint Catherine of Siena _bher life and times / _cCatherine Antony |
||
| 260 |
_aLondon _bBurns and Oates _c1915 |
||
| 300 | _axix, 280p.; 22cm. | ||
| 650 |
_aCAtherine of Siena, st. _98592 |
||
| 942 |
_2lcc _cMONOGRAPH |
||
| 999 |
_c120029 _d120029 |
||